Elements of Physical Chemistry (Record no. 3895)

MARC details
000 -LEADER
fixed length control field 00805cam a2200265 a 4500
001 - CONTROL NUMBER
control field 13963324
003 - CONTROL NUMBER IDENTIFIER
control field OSt
005 - DATE AND TIME OF LATEST TRANSACTION
control field 20171201150652.0
008 - FIXED-LENGTH DATA ELEMENTS--GENERAL INFORMATION
fixed length control field 050512s2005 nyua 001 0 eng
010 ## - LIBRARY OF CONGRESS CONTROL NUMBER
LC control number 2005275446
020 ## - INTERNATIONAL STANDARD BOOK NUMBER
International Standard Book Number 0199271836 (pbk.)
040 ## - CATALOGING SOURCE
Original cataloging agency DLC
Transcribing agency DLC
Modifying agency DLC
050 00 - LIBRARY OF CONGRESS CALL NUMBER
Classification number QD453.3
Item number .A85 2005
082 00 - DEWEY DECIMAL CLASSIFICATION NUMBER
Classification number 541
Edition number 22
Item number ATK 2005
100 1# - MAIN ENTRY--PERSONAL NAME
Personal name Atkins, P. W.; Julio de Paula..
9 (RLIN) 8543
245 10 - TITLE STATEMENT
Title Elements of Physical Chemistry
250 ## - EDITION STATEMENT
Edition statement 4th ed.
260 ## - PUBLICATION, DISTRIBUTION, ETC. (IMPRINT)
Place of publication, distribution, etc. New York ;
Name of publisher, distributor, etc. W.H. Freeman,
Date of publication, distribution, etc. 2005.
300 ## - PHYSICAL DESCRIPTION
Extent xix, 627 p. :
Other physical details ill. ;
Dimensions 25 cm.
504 ## - BIBLIOGRAPHY, ETC. NOTE
Bibliography, etc Includes index.
650 #0 - SUBJECT ADDED ENTRY--TOPICAL TERM
Topical term or geographic name as entry element Physical Chemistry
9 (RLIN) 2922
906 ## - LOCAL DATA ELEMENT F, LDF (RLIN)
a 7
b cbc
c origcop
d 2
e ncip
f 20
g y-gencatlg
942 ## - ADDED ENTRY ELEMENTS (KOHA)
Source of classification or shelving scheme Dewey Decimal Classification
Koha item type Short Loan
Holdings
Withdrawn status Lost status Source of classification or shelving scheme Damaged status Not for loan Home library Current library Date acquired Inventory number Total Checkouts Full call number Barcode Date last seen Price effective from Koha item type
    Dewey Decimal Classification     MUST Main Library MUST Main Library 06/05/2016 2006/26347   541 ATK 2005 2016-1618 06/05/2016 06/05/2016 Short Loan